000 00453nam a2200169Ia 4500
003 LK-CoDNM
005 20240726110216.0
008 010623t1927 xxu||||| |||| 00| 1 fra d
040 _aLK-CoDNM
_dLK-CoDNM
_eLK-CoDNM
041 _afra
080 _a14
_bBB20
100 _aBinyon,Laurence.
245 _aArs Asiatica : Peintures Chinoises
260 _bLibrairie Nationale D'art D'Histoire
_aParis
_c1927
300 _b68p. : ill ; 33 cm
942 _cBK
999 _c93747
_d93747